000 00608nam a22001337a 4500
040 _cRUA
082 _aREP SIE 2020 B1.598 Or.
100 _aSIENG REAKSA. សៀង រក្សា
245 _aUTILIZTION OF DIFFERENT RATES OF UREA FERTILIZER ON LETTUCE ( IACTUCA SATIVA L.). ការប្រើប្រាស់កម្រិតជីអ៊ុយរ៉េខុសៗគ្នាលើដំណាំសាលាដ
260 _aPhnom Penh
_bRUA
_c2020
300 _aVIII.26P
_bVI.
_c29CM
856 _uhttps://drive.google.com/file/d/1Ty1RiUvXK4Nq8hNI6ZwTswbjGw6wSfkc/view?usp=sharing
942 _cREP
999 _c21824
_d21824